Tres discursos de Rodrigo Carazo
Guardat en:
| Autor principal: | |
|---|---|
| Format: | Desconegut |
| Publicat: |
sn.t. :
|
| Matèries: | |
| Etiquetes: |
Afegir etiqueta
Sense etiquetes, Sigues el primer a etiquetar aquest registre!
|
MARC
| LEADER | 00000 a2200000 04500 | ||
|---|---|---|---|
| 001 | 15449 | ||
| 003 | |||
| 008 | 991231s d | ||
| 040 | |a CRAI/IIS |c CRAI/IIS | ||
| 090 | |a 019002 | ||
| 100 | |a Carazo Odio, Rodrigo | ||
| 245 | |a Tres discursos de Rodrigo Carazo | ||
| 260 | |a sn.t. : | ||
| 300 | |a 16 p. | ||
| 650 | |a POLITICA | ||
| 999 | |c 7363 |d 7363 | ||
